LIBRARY ONLINE CATALOGUE

Applied calculus for business, economics, and the social sciences and life sciences / (Record no. 4442)

MARC details
000 -LEADER
fixed length control field 00745cam a22002292 4500
001 - CONTROL NUMBER
control field 0000023811
005 - DATE AND TIME OF LATEST TRANSACTION
control field 20151217145944.0
008 - FIXED-LENGTH DATA ELEMENTS--GENERAL INFORMATION
fixed length control field 130326s xx 000 0 eng d
020 ## - INTERNATIONAL STANDARD BOOK NUMBER
International Standard Book Number 0071311816
040 ## - CATALOGING SOURCE
Original cataloging agency KABU
Transcribing agency KABU
050 #0 - LIBRARY OF CONGRESS CALL NUMBER
Classification number QA303
Item number .H64 2010
100 1# - MAIN ENTRY--PERSONAL NAME
Personal name Hoffmann, Laurence D.
-- 0000154069
245 10 - TITLE STATEMENT
Title Applied calculus for business, economics, and the social sciences and life sciences /
Statement of responsibility, etc. Laurence D. Hoffmann, Gerald L. Bradley.
250 ## - EDITION STATEMENT
Edition statement Expanded 10th ed.
260 ## - PUBLICATION, DISTRIBUTION, ETC. (IMPRINT)
Place of publication, distribution, etc. Boston :
Name of publisher, distributor, etc. MCGraw-Hill,
Date of publication, distribution, etc. 2010.
300 ## - PHYSICAL DESCRIPTION
Extent xv, 1054 p.
650 #0 - SUBJECT ADDED ENTRY--TOPICAL TERM
Topical term or geographic name as entry element Calculus.
-- 0000144959
700 1# - ADDED ENTRY--PERSONAL NAME
Personal name Bradley, Gerald L.
-- 0000154070
852 1# - LOCATION
-- p3604 KES
908 ## - PUT COMMAND PARAMETER (RLIN)
Put command parameter 130326
950 ## - LOCAL HOLDINGS (RLIN)
-- 1
Holdings
Withdrawn status Lost status Source of classification or shelving scheme Not for loan Home library Current library Date acquired Total Checkouts Full call number Barcode Date last seen Date last checked out Price effective from Koha item type
    Library of Congress Classification   Kabarak, Main Campus Kabarak, Main Campus 17/12/2015 18 QA303 .H642 2010 c. 1 014805 27/02/2023 07/02/2023 17/12/2015 General Collection